000
00310nam a22001337a 4500
008
170724b xxu||||| |||| 00| 0 eng d
020
_a
9780130486745
041
_a
eng
080
_2
6TH
_a
004
100
_a
29
101
_a
SHKI
245
_a
EXPERIMENTS IN DIGITAL FUNDAMENTALS
_c
BUCHLA, D
942
_2
udc
_c
BK
999
_c
21780
_d
21780